000 00453nmm a2200145Ia 4500
008 251105s9999||||xx |||||||||||||||||und||
041 _aspa
100 _aFlintoff, John Paul
245 0 _aCómo cambiar el mundo :
_b Serie The School of Live
264 _a[Madrid, España] :
_bEdiciones B,
_c2014
300 _a106 páginas
650 _aSelf-help and personal development
856 _uhttps://public.digitaliapublishing.com/a/53022
942 _cCF
999 _c104866
_d104866